El afianzamiento del capitalismo [1820-1880] /
Guardado en:
| Autor Principal: | |
|---|---|
| Formato: | Libro |
| Publicado: |
Buenos Aires :
Longseller,
2002
|
| Etiquetas: |
Agregar Etiqueta
Sin Etiquetas, Sea el primero en etiquetar este registro!
|
| LEADER | 00498nam a22001575a 4500 | ||
|---|---|---|---|
| 001 | CEM.cems011017 | ||
| 005 | 20060214000000.0 | ||
| 008 | 130507s2002##################000#0#####d | ||
| 003 | CEMS | ||
| 082 | 0 | 4 | |a 940.28 |
| 100 | 1 | |a Lettieri, Alberto | |
| 245 | 1 | 0 | |a El afianzamiento del capitalismo [1820-1880] / |
| 260 | |a Buenos Aires : |b Longseller, |c 2002 | ||
| 300 | |a 113 p.1 | ||
| 859 | |a CEMS |b BIB. CEMS - 11 de abril |h 940.28 |i L569 |p 21809.02 |t Ej.1 | ||
| 859 | |a CEMS |b BIB. CEMS - 11 de abril |h 940.28 |i L569 |p 26272.12 |t Ej.2 | ||
